000 00497nam a2200181Ia 4500
001 11960
005 20260306162906.0
008 260306t2020||||xx |||||||||||||| ||spa||
041 _aESP
082 _aHR 340
_bV. 22 N° 2 2020 IO.2
110 _aCorte Superior de Justicia de Arequipa
245 0 _aIuris Omnes :
_brevista de la Corte Superior de Justicia de Arequipa
260 _c2020
300 _a179 páginas :
_c28 cm.
650 _aGEN
654 _aCDE
942 _cREV
_dJUS
_fJUS
_2ddc
_n
999 _c11960
_d11960